Tribhuvan University Central Library

मेरो अधिकार मेरो आवाजः (Record no. 117521)

MARC details
000 -LEADER
fixed length control field 00548nam a22001577a 4500
008 - FIXED-LENGTH DATA ELEMENTS--GENERAL INFORMATION
fixed length control field 241027b |||||||| |||| 00| 0 eng d
082 ## - DEWEY DECIMAL CLASSIFICATION NUMBER
Edition number 23rd.
Classification number N305.8/Me165
241 ## - ROMANIZED TITLE (BK AM CF MP MU VM)
Romanized title Mero adhikar mero aavaj: jankari pustika /
245 ## - TITLE STATEMENT
Title मेरो अधिकार मेरो आवाजः
Remainder of title जानकारी पुस्तिका /
250 ## - EDITION STATEMENT
Edition statement 2nd. edition
260 ## - PUBLICATION, DISTRIBUTION, ETC.
Place of publication, distribution, etc. Kathmandu:
Name of publisher, distributor, etc. Nepal Yuva Sanstha Sanjal (Aayon),
Date of publication, distribution, etc. 2071BS.
300 ## - PHYSICAL DESCRIPTION
Extent 153p. : ill.
504 ## - BIBLIOGRAPHY, ETC. NOTE
Bibliography, etc. note Includes bibliography
650 ## - SUBJECT ADDED ENTRY--TOPICAL TERM
Topical term or geographic name entry element Women
942 ## - ADDED ENTRY ELEMENTS (KOHA)
Source of classification or shelving scheme Dewey Decimal Classification
Koha item type ISBN
Holdings
Withdrawn status Lost status Source of classification or shelving scheme Damaged status Not for loan Home library Current library Date acquired Total Checkouts Full call number Barcode Date last seen Price effective from Koha item type
    Dewey Decimal Classification     Tribhuvan University Central Library Tribhuvan University Central Library 10/27/2024   N305.8/Me165 IS10632 10/27/2024 10/27/2024 ISBN